| 000 | 00471cam a2200193ua 4500 | ||
|---|---|---|---|
| 001 | 7358 | ||
| 008 | 141229n ii |||gr||||Z||||||ben | ||
| 040 | _cMAIN | ||
| 041 | _aben | ||
| 082 | _a891.443 | ||
| 100 |
_aTagore, R., _eAuthor. |
||
| 245 |
_aGalpagusha _cBy Rabindranath Tagore |
||
| 250 | _a1st. | ||
| 260 |
_aKolkatta: _bBiswabharati, _c1973. |
||
| 300 | _a99p. | ||
| 653 | _aEast Indo-European & Celtic literatures | ||
| 653 | _aBengali stories | ||
| 942 | _cBK | ||
| 999 |
_c6483 _d6483 |
||